000 00663nam a22002177a 4500
005 20260515114854.0
008 201128b ||||| |||| 00| 0 eng d
020 _a9789382056942
040 _aIN-DiNC
_cIN-DiNC
041 _dasm
082 _a327
_bDAS
100 _aDas, Deepan
_eauthor
245 _aAntarashtriya samparka aru bishwa itihasar prekshapatsamuh/
_cby Deepan Das and Ganesh Chandra Bora
250 _a1st ed.
260 _aDibrugarh:
_bBanalata,
_c2020
300 _a336p.
650 _aPolitical science
650 _aPerspectives of international relations and world history
700 _aBora, Ganesh Chandra
_eauthor
942 _2ddc
_cBK
999 _c11085
_d11085